00920nam a22002537a 450000500170000001000110001702000100002803500110003803700160004904000120006508200160007724501220009326000370021527000420025230000210029450000200031565000280033565000370036370000230040070000130042394200250043699900190046195201860048020170124110214.0 a737991 c00.00 a737991 bCen Lib/Ret aDPLbEN a309.23bSEL aSelected writing and speeches of professor D.R. Gadgil on planning and development1967-1971) /cedited by A.R. Kamat  aNew DelhibOreint longman c1973 bNew Delhia3/5 Asaf ali road e110001 a372p. c23cm(Hb) aIncludes index  aSocial problems 938712 aPlanning and development 938713 aKamat, A.R.938690 a.938691 2ddccENh309.23mSEL c133710d133710 04104070aLbLd2015-07-27eCen Lib/Retg0.00l0o309.23 SELp737991r2015-07-27 00:00:00t1v0.00w2015-07-27yENzWritten off on approval by DLB (By Circulation); dtd 15-06-2023